000 00993nam a2200277 a 4500
001 24800
003 CO-ViMGA
005 20230915232018.0
008 141112s2004 ck r 000 u spa d
020 _a9786077070306
040 _aCO-ViMGA
_bspa
_cCO-ViMGA
041 _aspa
082 0 4 _a778 C83p
100 1 _aCuevas, Erik.
_937048
245 1 0 _aProcesamiento digital de imágenes usando MatLAB & Simulink /
_cErik Cuevas, Daniel Zaldívar, Marco Pérez - Cisneros.
260 _aMéxico :
_bAlfaomega :
_bRa - Ma,
_c2010.
300 _a815 p. : il. ; 24 cm.
500 _aIncluye índice.
650 1 4 _aFotografía digital
_99249
650 1 4 _aMatlab (Programa para computador)
_937049
650 1 4 _aProcesamiento digital de imágenes
_937050
700 1 _aZaldívar, Daniel.
_937051
852 _17.648.30
942 _2ddc
_cBK
949 _an n
999 _c32602
_d32602